LIBRARY & INFORMATION CENTRE, KCAET, TAVANUR

ONLINE PUBLIC ACCESS CATALOGUE (OPAC)

Textbook of estimating and valuation (Record no. 15504)

MARC details
000 -LEADER
fixed length control field 00409nam a22001577a 4500
003 - CONTROL NUMBER IDENTIFIER
control field OSt
008 - FIXED-LENGTH DATA ELEMENTS--GENERAL INFORMATION
fixed length control field 180814b ||||| |||| 00| 0 eng d
020 ## - INTERNATIONAL STANDARD BOOK NUMBER
ISBN 8180140423
082 ## - DEWEY DECIMAL CLASSIFICATION NUMBER
Classification number 692.5
Item number GUR/TE
100 ## - MAIN ENTRY--AUTHOR NAME
Personal name Gurcharan Singh
245 ## - TITLE STATEMENT
Title Textbook of estimating and valuation
260 ## - PUBLICATION, DISTRIBUTION, ETC. (IMPRINT)
Place of publication Delhi
Name of publisher Nem chand jain, Ajay kumar jain
Year of publication 2012
300 ## - PHYSICAL DESCRIPTION
Number of Pages 701
700 ## - ADDED ENTRY--PERSONAL NAME
Personal name jagadish singh
942 ## - ADDED ENTRY ELEMENTS (KOHA)
Koha item type Books
Holdings
Withdrawn status Lost status Damaged status Home library Current library Date acquired Source of acquisition Full call number Accession Number Koha item type
      KAUAET KAUAET 30/03/2013 Aman Book Stall, Calicut 692.5 GUR/TE 24034 Books
free website counter